000 00258nam a22001217a 4500
082 _a001
_bJOS/F
100 _aJOSE,JOICE P
245 _aFREEDOM FIGHTERS
260 _aCHERTHALA
_bSHARON BOOKS
300 _a66
650 _aBIOGRAPHY
_zCHERTHALA
942 _cBK
999 _c6330
_d6330